000 01492cam a22002771i 4500
003 SA-RiAUC
005 20241003142052.0
008 240928s2004____sy g 000r0 ara c
040 _aOM-MuHJI
_bara
_cSA-RiAUC
_erda
082 0 4 _a415.1
_qSA-RiAUC
090 _a415.1
_bن ح ا
100 1 _aالنحاس، أحمد بن محمد بن إسماعيل،
_dتوفي 338 هجري
_eمؤلف.
245 1 0 _aكتابان في النحو /
_cلأبي جعفر النحاس، ابن الحنبلي ؛ تحقيق حاتم صالح الضامن.
250 _aالطبعة الأولى.
264 1 _aدمشق :
_bدار البشائر الإسلامية للطبع والنشر والتوزيع،
_c2004
300 _a77 صفحة ؛
_c24 سم
336 _aنص
_btxt
_2rdacontent
_3كتاب
337 _aبدون وسيط
_bn
_2rdamedia
338 _aمجلد
_bnc
_2rdacarrier
505 0 _tالكلام على تفصيل إعراب قول سيبويه في أول الكتاب : هذا باب علم ما الكلم من العربية / لأبي جعفر النحاس-
_tكحل العيون النجل في حل مسألة الكحل /
_rلابن الحنبلي.
650 7 _aاللغة العربية
_xنحو
_2aucsh
700 1 _aرضي الدين ابن الحنبلي، محمد بن إبراهيم بن يوسف،
_d908-971 هجري
_eمؤلف.
700 1 _aالضامن، حاتم صالح،
_d1938-2013
_eمحقق.
942 _2ddc
_cBOOK
_n0
949 _aSA-JeALM
_d240928
_umohamedma123
_n1
999 _c844
_d844